| 000 | 00598nam a22001817a 4500 | ||
|---|---|---|---|
| 003 | LK-CoMWRAF | ||
| 008 | 240122b1982 |||||||| |||| 00| 0 eng d | ||
| 040 |
_aLK-CoMWRAF _dLK-CoMWRAF _eLK-CoMWRAF |
||
| 041 | _aeng | ||
| 082 |
_a305.42 _bNEW |
||
| 111 |
_aNATIONAL SYMPOSIUM ON 'NEW DIMENSIONS IN THE ROLE OF WOMEN' _c( BMICH, Colombo _d8-11th November 1982) |
||
| 245 |
_aWomen and work: _bbackground paper |
||
| 260 |
_aColombo : _bWomen's Bureau of Sri Lanka, _c1982 |
||
| 300 |
_a30 p. ; 28 cm. _bBibliography included |
||
| 650 | _aFEMINISM-Congresses | ||
| 650 | _aRole of women | ||
| 942 | _cCP | ||
| 999 |
_c4675 _d4675 |
||